| 000 | 00578cam4a220016900 4500 | ||
|---|---|---|---|
| 005 | 20190812101820.0 | ||
| 022 | _a0922-1565 | ||
| 008 | 040401 | ||
| 035 | _a(Sirsi) a146678 | ||
| 050 | 0 | _aJX1901.L3J6 | |
| 245 | 1 | 0 | _aLeiden journal of international law / |
| 260 |
_aNetherlands: _bLeiden Journal of International Law Foundation, _c1994. |
||
| 310 | _aQuarterly | ||
| 362 | _a | ||
| 520 | _aPromotes the understanding of the principles and purposes of international law and to describe current developments | ||
| 650 | 0 |
_aInternational law _6S745.1 |
|
| 999 |
_c8844 _d8844 |
||